Movies Quiz

Random Movies or Actor Quiz

Acting Dynasties Quiz Stats

Quiz not verified by Sporcle

Challenge
Share
Tweet
Embed
Score 0/36 Timer 06:00
0 Plays Today
Hint Answer % Correct
BarrymoreJohn
99.5%
CusackJohn
99.5%
BaldwinAlec
98.5%
BarrymoreDrew
98%
FondaJane
97.5%
Sheen (Estevez)Charlie
97.5%
BridgesJeff
97%
Sheen (Estevez)Martin
94.6%
FondaHenry
92.6%
CusackJoan
92.1%
Sheen (Estevez)Emilio
90.6%
Redgrave (Richardson)Vanessa
85.6%
FondaPeter
84.2%
Hedren (Griffith/Johnson)Melanie
84.2%
BaldwinStephen
81.7%
BridgesBeau
79.7%
BaldwinWilliam
76.7%
Coppola (Cage/Shire/Schwartzman)Nicolas
73.7%
Hint Answer % Correct
BridgesLloyd
72.3%
Coppola (Cage/Shire/Schwartzman)Sofia
68.1%
Hedren (Griffith/Johnson)Don
66.8%
BarrymoreLionel
66.3%
FondaBridget
64.4%
Hedren (Griffith/Johnson)Dakota
61.4%
Redgrave (Richardson)Michael
56.9%
Redgrave (Richardson)Lynn
56.9%
Coppola (Cage/Shire/Schwartzman)Talia
53.9%
Redgrave (Richardson)Natasha
48%
BaldwinDaniel
48%
Hedren (Griffith/Johnson)Tippi
45%
BarrymoreEthel
42.1%
CusackAnn
16.8%
Coppola (Cage/Shire/Schwartzman)Jason
11.9%
Sheen (Estevez)Ramon
8.4%
BridgesJordan
7.5%
CusackDick
5.4%

You're not logged in!

Compare scores with friends on all Sporcle quizzes.
Join for Free
OR
Log In

You Might Also Like...

Show Comments

Extras

Created Jun 29, 2015ReportNominate
Tags:Actor Quiz, dynasty, family

Top Quizzes Today


Score Distribution

Your Account Isn't Verified!

In order to create a playlist on Sporcle, you need to verify the email address you used during registration. Go to your Sporcle Settings to finish the process.

Report this User

Report this user for behavior that violates our Community Guidelines.

Details: